Suurimmat kaupungit kirjaimittain - F - Statistics

Yleistilastot
  • Tätä visaa on pelattu 568 kertaa
  • Keskiarvotulos 5 / 11
Vastaustilastot
Valtio Väkiluku Kaupunki % Oikein
Saksa 3,28 milj. Frankfurt am Main
95%
Italia 1,00 milj. Firenze
88%
Sierra Leone 1,34 milj. Freetown
67%
Japani 2,80 milj. Fukuoka
56%
Marokko 1,33 milj. Fès
48%
Brasilia 3,78 milj. Fortaleza
46%
Kiina 4,55 milj. Fuzhou
37%
Pakistan 3,95 milj. Faisalabad
32%
Yhdysvallat 1,00 milj. Fresno
29%
Brasilia 1,05 milj. Florianópolis
25%
Kiina 1,31 milj. Fuyang
9%
Ehtoja vastaavia visoja ei löytynyt
Tulosjakauma
Jokaisen tuloksen saaneiden osuus
Persentiili vastausten määrän mukaan
Tuloshistoriasi
Et ole pelannut tätä visaa